Quiz sur le Canada - Statistiques

Statistiques générales
  • Ce quiz a été pris 425 fois
  • Le résultat moyen est 11 sur 20
Statistiques - réponses
Question Réponse % Correct
Langues officielles Anglais, Français
99%
Capitale Ottawa
99%
Ville la plus peuplée Toronto
92%
Villes ayant accueilli les Jeux Olympiques Montréal, Calgary, Vancouver
90%
Monnaie Dollar canadien
89%
Sports nationaux Crosse, hockey
88%
Plus vieille ville du Canada Ville de Québec
80%
Province la plus peuplée Ontario
71%
Animal officiel Castor
68%
Gentilé Canadien
55%
Plus grande chaîne de montagnes Montagnes Rocheuses
41%
Animal sur la pièce de 1 dollar Huard
32%
Premier premier ministre John A. MacDonald
29%
Année d'indépendance 1867
28%
Pays disputant l'île de Hans Danemark
28%
Plus grande île île de Baffin
26%
Devise A mari usque ad mare
21%
Plus long fleuve Fleuve Mackenzie
20%
Surnom du drapeau canadien Unifolié
19%
Point culminant Mont Logan
16%
Aucun quiz correspondant
Distribution des résultats
% des personnes avec chaque résultat
Percentile par nombre de réponses
Votre historique - résultats
Vous n’avez pas pris ce quiz